Science Quiz

Random Science or Math Quiz
Score 0/45 Timer 02:00
0 Plays Today
% Correct
54
100%
27
98.5%
45
97.2%
15
96.7%
165
94%
96
93.2%
48
92.7%
81
92.2%
9
92%
3
83%
27
82.2%
-1
81.8%
1
80.3%
1
80.3%
85
78.4%
17
76.4%
204
70.3%
51
68.6%
17
66.5%
289
53.4%
97
50.1%
48.5
45.7%
12.125
39.6%
% Correct
3.5
35.1%
14
32.2%
196
29.1%
49
26%
7
24.3%
343
20.7%
49
19.7%
-183
15.8%
366
13.9%
318
12.7%
106
12.2%
21.2
10.8%
41
9.8%
28
9.4%
4
8.9%
256
7.9%
100
7.5%
10
7.2%
-33
6.9%
99
6.4%
121
5.8%
11
5.8%
Remove Ads.
Support Sporcle.
Get the best of Sporcle when you Go Orange. This ad-free experience offers more features, more stats, and more fun while also helping to support Sporcle. Thank you for becoming a member.

You're not logged in!

Compare scores with friends on all Sporcle quizzes.
OR
Log In

Sporcle TV

Today on Sporcle TV


Watch our educational content, quiz creation guides, and fun videos on Sporcle TV.

Show Comments

Extras

Created Feb 23, 2010SourceReportNominate
Tags:Math Quiz, attack

Top Quizzes Today


Score Distribution

Paid Content

Your Account Isn't Verified!

In order to create a playlist on Sporcle, you need to verify the email address you used during registration. Go to your Sporcle Settings to finish the process.

Report this User

Report this user for behavior that violates our Community Guidelines.

Details: